000 00362nam a2200121Ia 4500
008 230411s9999 xx 000 0 und d
041 _aeng
082 _aF/610.07/BHA/B00641
100 _aBhatia M S
_9176403
245 _aCBS Quick Medical Examinations Review : Volume 2
260 _bCBS Publishers & Distributors
_aNew Delhi
_c2001
999 _c152102
_d152102